| 000 | 00676cam a2200229ua 4500 | ||
|---|---|---|---|
| 001 | 10337 | ||
| 008 | 180404n ii |||gr||||Z||||||asm | ||
| 020 | _a9788192276557 | ||
| 040 | _cMAIN | ||
| 082 | _a301 | ||
| 100 |
_aBora, Prabhas Kumar, _eAuthor. |
||
| 245 |
_aIntroduction to sociology (A) _cBy Prabhas Kumar Bora and others |
||
| 250 | _a1st ed. | ||
| 260 |
_aJorhat: _bGrantha sanskriti edu cell, _c2012. |
||
| 300 | _a171p. | ||
| 653 | _aSociology & anthropology | ||
| 653 | _aSamajtattwa parichay | ||
| 700 |
_aHazarika, Ganesh Chandra, _eAuthor. |
||
| 700 |
_aKashyap, Rasmita Chaliha, _eAuthor. |
||
| 700 |
_aBorgohain, Himanta Pratim, _eAuthor. |
||
| 942 | _cBK | ||
| 999 |
_c9330 _d9330 |
||